In pursuit of principle and profit : Business success through social responsibility

Đã lưu trong:
书目详细资料
主要作者: Reder, Alan
格式: 图书
语言:Undetermined
出版: New York G.P. Putnam's Sons 1995
主题:
标签: 添加标签
没有标签, 成为第一个标记此记录!
Thư viện lưu trữ: Trung tâm Học liệu Trường Đại học Cần Thơ
LEADER 00589nam a2200193Ia 4500
001 CTU_98523
008 210402s9999 xx 000 0 und d
082 |a 658.408 
082 |b R314 
100 |a Reder, Alan 
245 0 |a In pursuit of principle and profit : 
245 0 |b Business success through social responsibility 
245 0 |c Alan Reder 
260 |a New York 
260 |b G.P. Putnam's Sons 
260 |c 1995 
650 |a Social responsibility of business,Business ethics,Success in business 
904 |i Năm 
980 |a Trung tâm Học liệu Trường Đại học Cần Thơ